Hazard & impact index : effect of training on the environment : (case study) /

Hlavní autor: Komár, Aleš, 1949-
Korporativní autor: Univerzita obrany. Fakulta ekonomiky a managementu
Další autoři: Řehák, David, 1978-, Dvořák, Jiří, 1967-
Jazyk: Angličtina
Vydáno: Brno : University of Defence, 2006
Vydání: Ed. 1st
Témata:
Fyzický popis: 28 s. : il. ; 30 cm
Knihy
Uloženo v:
LEADER 02040nam a2200517 a 4500
001 nkc20061647362
003 CZ PrNK
005 20060831111806.0
007 ta
008 060316s2006 xr a f 000 0 eng
015 |a cnb001647362 
020 |a 80-7231-133-6  |q (brož.) :  |c Kč 39,00 
035 |a (OCoLC)85546070 
040 |a BOA001  |b cze  |d ABA001 
072 7 |a 504  |x Znečištění a poškození životního prostředí  |2 Konspekt  |9 2 
080 |a 355.253  |2 MRF 
080 |a 502.175  |2 MRF 
080 |a 504  |2 MRF 
080 |a (078.7)  |2 MRF 
100 1 |a Komár, Aleš,  |d 1949-  |7 xx0026717  |4 aut 
245 1 0 |a Hazard & impact index :  |b effect of training on the environment : (case study) /  |c written by Aleš Komár, David Řehák, Jiří Dvořák 
246 3 |a azard and impact index 
250 |a Ed. 1st 
260 |a Brno :  |b University of Defence,  |c 2006 
300 |a 28 s. :  |b il. ;  |c 30 cm 
500 |a 20 výt. 
500 |a Nad názvem: University of Defence, Faculty of Economics and Management 
500 |a Na obálce nad názvem označení: S-2693 
504 |a Obsahuje bibliografii 
650 0 7 |a vojenský výcvik  |7 ph162444  |2 czenas 
650 0 7 |a posuzování vlivů na životní prostředí  |7 ph137102  |2 czenas 
650 0 7 |a environmentální rizika  |7 ph119962  |2 czenas 
650 0 9 |a troop training  |2 eczenas 
650 0 9 |a environmental impact assessment  |2 eczenas 
650 0 9 |a environmental risk  |2 eczenas 
655 7 |a případové studie  |7 fd133208  |2 czenas 
655 9 |a case studies  |2 eczenas 
700 1 |a Řehák, David,  |d 1978-  |7 mzk2005299325  |4 aut 
700 1 |a Dvořák, Jiří,  |d 1967-  |7 mzk2006343228  |4 aut 
710 2 |a Univerzita obrany.  |b Fakulta ekonomiky a managementu  |7 xx0036449 
910 2 |a BOA001  |b 3-1167.991 
990 |a BK 
995 |a 01 
991 |b 200605  |c NOV 
996 6 |b 2610278505  |c 3-1167.991  |l MZK  |r Sklad / do 1 hodiny  |n 0  |p p.v.  |w 000815270  |u 000010  |a 1  |e BOA001  |j MZK50  |s P 
996 7 |b 2610278506  |c 3-1167.991  |l MZK  |r Sklad / do 1 hodiny  |n 1  |p p.v.  |w 000815270  |u 000020  |a 1  |e BOA001  |j MZK50  |s A